000 00984nam a2200313 a 4500
001 000033737
003 DO-SdBNP
005 20180124094642.0
007 000033737
008 110907s 1990 pe 000 0 spa d
020 _a9978800671
040 _aBPMSU
_bspa
_cBPMSU
092 _axxxxx
_bxxxxx
100 1 _aVirgilio,
_d70-19 a. de J. C.
245 1 3 _aLa eneida /
_cPublio Virgilio Marón ; estudio introductorio de Juan Ignacio Vara Herrero
260 _aQuito, Ecuador :
_bLibresa,
_c1990.
300 _a314 p. ;
_c21 cm.
490 1 _aAntares
_v29
650 _2POESÍA ÉPICA LATINA
700 1 _aVara Herrero, Juan
830 0 _pAntares
_v29
930 1 _lBND01
_mLF1
_820110907
_f01
_pCT
_g29609
930 1 _lBND01
_mLF1
_820130724
_f01
_pCT
_g29609
_he.2
942 _2ddc
_cBK
945 _aInventariado, 2018 /LP
956 _aGREYES
_b10
_c20110907
_lBND01
_h1517
956 _aMGARCIA
_b10
_c20130724
_lBND01
_h1349
956 _aVMATEO
_b10
_c20150918
_lBPMSU
_h00151
999 _c10966
_d10966